MARC

LEADER 00000nam0a2200000 4500
001 294826
005 20231102000738.0
020 |a RU  |b 84-39798 
035 |a (RuTPU)RU\TPU\book\319900 
090 |a 294826 
100 |a 20150518d1984 km y0rusy5003 ca 
101 0 |a rus 
102 |a RU 
105 |a ac z 000zy 
200 1 |a И корабли штурмовали Берлин  |f В. В. Григорьев  |g [лит. запись Н. Н. Ланина] 
210 |a Москва  |c Воениздат  |d 1984 
215 |a 253 с.  |c 6 л. ил. 
225 1 |a Военные мемуары 
606 1 |a Военно-морской флот (ВМФ) в Великой Отечественной войне 1941-1945  |2 stltpush  |3 (RuTPU)RU\TPU\subj\66675  |9 82726 
610 1 |a днепровская военная флотилия 
610 1 |a военные корабли 
610 1 |a военные операции 
610 1 |a моряки 
610 1 |a оборона 
610 1 |a наступление 
610 1 |a герои войны 
610 1 |a воспоминания 
686 |a Т3(2)622-35:Ц66  |2 rubbk 
700 1 |a Григорьев  |b В. В.  |g Виссарион Виссарионович  |4 070 
702 1 |a Ланин  |b Н. Н.  |g Николай Николаевич  |4 010 
801 0 |a RU  |b RuMRKP  |c 19950704  |g psbo 
801 1 |a RU  |b 63413507  |c 20150518 
801 2 |a RU  |b 63413507  |c 20181106  |g RCR 
942 |c BK